| 000 | 00829nam a2200229Ia 4500 | ||
|---|---|---|---|
| 999 |
_c64394 _d64394 |
||
| 003 | GCL | ||
| 005 | 20240530110729.0 | ||
| 008 | 140319s9999 xx 000 0 ara d | ||
| 020 | _a9774085213 | ||
| 040 |
_aGCL / _cGCL |
||
| 082 | 0 | 4 |
_a005.3\ _bن ل |
| 100 | 1 | _aنيجوس ، كريستوفر | |
| 245 | 1 | 0 |
_aلينوكس الاصدار 2006 بايبل / _cكريستوفر نيجوس ؛ الترجمة باعتماد خالد العامرى |
| 260 |
_aالقاهرة : _bدار الفاروق للنشر والتوزيع ، _c2007 . |
||
| 300 |
_a1239 ص. ؛ _c24 سم. |
||
| 650 | 0 | 4 | _aالحاسبات الالكترونية |
| 650 | 0 | 4 | _aالحاسبات الالكترونية - برامج |
| 650 | 0 | 4 | _aلينوكس 2006 |
| 700 | 1 | _aقمران حسين | |
| 700 | 1 | _aباركر، تيموس | |
| 942 |
_2ddc _cBK |
||